000 00353 a2200157 4500
001 47331
020 _a9788598493787
040 _cAnchieta - Aquarius
100 _aBASTOS, Silvino
240 1 0 _a=Bac o menino espacial
_lpor
245 1 0 _a=Bac o menino espacial
300 _a80p.
362 0 _a2010
650 4 _aLiteratura brasileira
942 _cBK
999 _c47331
_d47331